000 00911nam a22002415i 4500
001 161093
003 ES-MaACL
005 20250704063121.0
008 940301e1892 sp |||| | spa d
040 _aCAM
_bspa
080 _a94(450)
100 1 _aOrti y Brull, Vicente,
_d-1897
_eaut
_9130712
245 1 0 _aItalia en el siglo XV :
_breligión, politíca, letras y artes /
_cpor Vicente Orti y Brull.
260 _aMadrid :
_b[s.n.],
_c1892
_f(Imp. y Litogr. de los Huérfanos)
300 _a537 páginas ;
_c22 cm.
650 4 _aReligión y política-
_zItalia
_9167622
651 4 _98866
_aItalia-
_xHistoria
651 0 _9241216
_aItalia-
_xVida intelectual
852 _aES-MaACL
_cSVI
_gDedicatoria autógrafa del autor a Antonio Aura Boronat
_hDonativo de Antonio Aura Boronat
_jD-4958
_xHolandesa
942 _2udc
_cMONANT
_n0
999 _c161093
_d161093